000 01044nac a22002897a 4500
001 BR8707932
003 BR-BrBNA
005 20240105120638.0
008 230509b bl.|||m| |||| 00| 0 por d
040 _aBR-BrBNA
_bpor
_cBiblioteca Nacional de Agricultura
072 _aF03; F01
090 _a0120 BR8707932
100 1 _aCarvalho, H.W.L. de
100 1 _aSerpa, J.E.S.
110 1 _aCentro Nacional de Pesquisa de Coco, Aracaju, SE (Brasil)
_91760
245 1 _aComportamento de cultivares de milho no Estado de Sergipe, 1 - Ensaios estaduais de rendimento, 1982, 1984 e 1985
246 1 _a[Behavior of maize varieties in the state of Sergipe, 1 - yield, analysis, 1982, 1984 and 1985]
260 3 _aAracaju, SE (Brasil):
_c1987.
300 _a7 p.
490 _aComunicado Tecnico - Centro Nacional de Pesquisa de Coco (Brazil)
_vno. 22
_xISSN 0100-4867
650 _aMILHO
650 _aVARIEDADE
650 _aRENDIMENTO
650 _aSERGIPE
909 _a202312
_bLúcia Elande
_c55
_dLúcia Elande
942 _2AGRIS
_n0
_cMS
999 _c280657
_d280657